000 00451nam a22001697a 4500
999 _c4198
_d4198
003 GBCCL
005 20241126110513.0
008 180116b xxu||||| |||| 00| 0 eng d
040 _cgbc
082 _a222.12061
_bPIN
100 _aPink, Arthur W.
_97613
245 _aGleanings in Exodus /
_cArthur W. Pink
260 _aChicago:
_bMoody Press
300 _a384 p.;
_c24 cm.
650 _aBible
_vOld Testament
_vExodus
_xStudy
_97982
942 _2ddc
_cBK
_08